UBT Library

General aviation law / (Record no. 439)

000 -LEADER
fixed length control field 00545nam a22002057a 4500
005 - DATE AND TIME OF LATEST TRANSACTION
control field 20140429052904.0
008 - FIXED-LENGTH DATA ELEMENTS--GENERAL INFORMATION
fixed length control field 120323s2012 nyuak b 001 0 eng
020 ## - INTERNATIONAL STANDARD BOOK NUMBER
International Standard Book Number 9780071771818
024 #0 - OTHER STANDARD IDENTIFIER
Terms of availability eng
080 ## - UNIVERSAL DECIMAL CLASSIFICATION NUMBER
Universal Decimal Classification number 347.8
100 1# - Rafti
Rafti Eichenberger, Jerry A.
245 10 - TITLE STATEMENT
Title General aviation law /
Statement of responsibility, etc Jerry A. Eichenberger.
250 ## -
-- 3rd ed.
260 ## -
-- New York :
-- McGraw-Hill,
-- 2012.
300 ## -
-- 273 f. :
-- ill., forms ;
-- 23 cm.
500 ## -
-- Index f.261-273
650 #0 -
-- E drejta Ajrore
650 #0 -
-- Trafiku ajror
942 ## - ADDED ENTRY ELEMENTS (KOHA)
Source of classification or shelving scheme
Item type Books
Holdings
Withdrawn status Lost status Source of classification or shelving scheme Damaged status Not for loan Collection code Permanent location Current location Shelving location Date acquired Total Checkouts Full call number Barcode Date last seen Price effective from Koha item type
          Koleksioni i përgjithshem UBT - Lipjan UBT - Lipjan Koleksioni i përgjithshem 05/02/2017   34 EIC 002-283010 05/02/2017 05/02/2017 Books
          Koleksioni i përgjithshem UBT - Lipjan UBT - Lipjan Koleksioni i përgjithshem 05/02/2017   34 EIC 002-283005 05/02/2017 05/02/2017 Books
          Koleksioni i përgjithshem UBT - Lipjan UBT - Lipjan Koleksioni i përgjithshem 05/08/2017   34 EIC 002-284583 05/08/2017 05/08/2017 Books
          Koleksioni i përgjithshem UBT - Lipjan UBT - Lipjan Koleksioni i përgjithshem 05/08/2017   34 EIC 002-284445 05/08/2017 05/08/2017 Books
          Koleksioni i përgjithshem UBT - Lipjan UBT - Lipjan Koleksioni i përgjithshem 05/08/2017   34 EIC 002-284588 05/08/2017 05/08/2017 Books
          Koleksioni i përgjithshem UBT - Lipjan UBT - Lipjan Koleksioni i përgjithshem 05/08/2017   34 EIC 002-284436 05/08/2017 05/08/2017 Books
UBT Library © 2015-2024. All rights reserved University Education for Business and Technology